000 00608nam a2200229Ia 4500
001 3225
003 GE_BSU
008 181216s||||||||xx |||||||||||||| ||und||
040 _cGE_BSU
080 _a530
100 _aСивухин,Д.В.
245 _aОбщий курс физики: оптика.
245 _bУчеб. пособие.
245 _cРед.В.А.Григорева.
250 _aИзд 2-ое, испр.
260 _aМ.
260 _bНаука.
260 _c1985.
300 _a752 стр. с илл. 21 см.
653 _aОбщий курс физики.
942 _cBK
999 _c37266
_d37266